Strawberry Lipstick by Yungblud - Lyrics - Statistics

General Stats
  • This quiz has been taken 139 times
  • The average score is 165 of 217
Answer Stats
Answer % Correct
I
99%
a
96%
A
96%
so
95%
Chorus So
95%
my
93%
to
93%
go
91%
me
90%
you
90%
Outro You
90%
can
89%
in
88%
got
86%
it
86%
love
86%
on
86%
take
86%
Take
86%
the
86%
easy
84%
is
84%
your
84%
I'm
83%
Intro This
81%
fuck
80%
all
78%
but
78%
song
78%
and
77%
hard
77%
Verse 2 She
77%
she
77%
gonna
75%
person
75%
P-p-p-please
75%
up
75%
about
74%
do
74%
lipstick
74%
out
74%
please
74%
strawberry
74%
know
73%
of
73%
self
73%
control
70%
mouth
70%
heart
69%
closet
68%
coming
68%
lock
68%
put
68%
school
68%
suck
68%
toxic
68%
fucked
65%
Need
65%
she's
65%
She's
65%
you're
65%
fingers
64%
her
64%
individual
64%
knees
64%
cleanse
63%
girl
63%
sins
63%
can't
62%
like
60%
attitude
59%
fingertips
59%
bite
57%
doubt
57%
hands
57%
headlock
57%
Verse 1 I've
57%
lack
57%
They're
57%
five
56%
oppression
56%
don't
53%
'em
53%
wrong
53%
have
52%
o'clock
52%
see
52%
body
51%
Just
51%
p-p-power
51%
what
51%
breathe
49%
reasonably
49%
seconds
49%
taste
49%
with
49%
doing
48%
past
48%
straight
48%
Singing
46%
ten
46%
such
44%
tease
44%
she'll
43%
cannot
42%
If
42%
holds
37%
No matching quizzes found
Score Distribution
Percent of People with Each Score
Percentile by Number Answered
Your Score History
You have not taken this quiz